1424 1614 1014 1235 1766 1969 1236 1099 1163 1965 1330 1789 1159 1892 1154 1867 1336 1721 1018 1995 1835 1858 1007 1885 1027 1157 1733 1179 1160 1501 1662 1892 1848 1348 1568 1651 1305 1473 1466 1484 1207 1852 1588 1832 1101 1061 1701 1762 1565 1415 1453 1535 1575 1070 1367 1535 1196 1514 1416 1532 1679 1281 1547 1929 1153 1245 1409 1363 1789 1025 1988 1730 1946 1969 1589 1881 1093 1648 1205 1752 1920 1964 1777 1313 1760 1721 1899 1932 1694 1207 1400 1551 1249 1133 1776 1813 1882 1023 1102 BCNSPRNW ULIB Ver.6.0+V

เปลี่ยนเป็นภาษาไทย

Change to English
 แสดงรายละเอียดบรรณานุกรม
  กลับหน้าหลัก

Brief Record : Get Marc (ISO 2709) : E-mail record : QR code < ปิดหน้าต่าง
LEADER : 00000nam 2200000uu 4500
001    13399114008
003     ULIB
008    120125s2536||||th 000 0 tha d
020    ^a9745832391
050  4 ^aQD31.2^bส975ค 2536
100 0  ^aโสภณ เริงสำราญ
245 10 ^aเคมีทั่วไป :^bสำหรับนักศึกษาวิทยาศาสตร์ชีวภาพและพยาบาล /
250    ^aพิมพ์ครั้งที่ 2
260    ^aกรุงเทพฯ :^bโรงพิมพ์จุฬาลงกรณ์มหาวิทยาลัย,^c2536
300    ^a361 หน้า
591    ^aLIRV มีปี 2535, 2536, 2543
650  4 ^aเคมี
945    ^p0^l0^i13771
999 ^a ใช้งานได้ทุกระบบ
รายการนี้ยังไม่มีแท็ก
คุณยังไม่ได้ล็อกอิน คุณสามารถมีกิจกรรมร่วมกับเว็บไซต์ได้ แต่ต้องล็อกอินก่อน ::
  ล็อกอิน

รายการสื่อสารสนเทศ

ลำดับที่ ประเภท เลขเรียก/บาร์โค้ด สถานที่ สถานะ
- ไม่พบข้อมูล -

รายการใกล้เคียง
    หัวเรื่อง [เคมี]

BibComment


ยังไม่เคยถูกคอมเมนท์

คอมเมนท์ทรัพยากรรายการนี้
  คอมเมนท์: เคมีทั่วไป สำหร..


 Copyright 2026. Bcnsprnw @Library